000
00241nam a2200097Ia 4500
008
170619s9999 xx 000 0 und d
100
_a
Spiegel M R
245
0
_a
Mathematical handbook of formulas & tables
260
_b
New Dehi: TMH
260
_c
1999
546
_a
ENGLISH
999
_c
16066
_d
16066